| 000 | 00619nam a2200193 i 4500 | ||
|---|---|---|---|
| 001 | 185738 | ||
| 003 | ES-MaACL | ||
| 005 | 20250829040707.0 | ||
| 008 | 160805s1952 sp |||| | spa d | ||
| 100 | 0 |
_aManning, Olivia. _976069 |
|
| 245 | 1 | 0 |
_aEscuela de amor / _cOlivia Manning ; [Traducción directa del inglés por Luis Solano]. |
| 260 |
_aBarcelona : _bA.H.R., _c[1952] |
||
| 300 |
_a295 p. ; _c19 cm. |
||
| 490 | 1 | _aColección Grandes novelistas | |
| 700 | 1 |
_aSolano, Luis. _9160342 |
|
| 830 | 0 | 0 |
_aColección grandes novelistas _9220701 |
| 852 |
_aES-MaACL _jC-6346 |
||
| 999 |
_c185738 _d185738 |
||